| 000 | 00453nam a2200169Ia 4500 | ||
|---|---|---|---|
| 999 |
_c28134 _d28134 |
||
| 003 | OSt | ||
| 005 | 20210107113822.0 | ||
| 008 | 190216s9999||||xx |||||||||||||| ||und|| | ||
| 040 | _coclc | ||
| 082 |
_a700 _bMAR/K |
||
| 100 |
_aMarar,K K _97760 |
||
| 245 | 0 |
_aKeralathanima / _cK K Marar |
|
| 260 |
_bPoorna Publication, _a Kozhikode: _c1999. |
||
| 300 | _a157p | ||
| 650 | _aPadanam | ||
| 942 |
_cBK _2ddc _h700 _iMAR/K _k700 _mMAR/K |
||